El alma de las naciones /

Bibliographic Details
Main Author: Minc, Alain (Author)
Other Authors: Serrat Crespo, Manuel (Translator)
Format: Electronic eBook
Language:Spanish
English
Published: Barcelona, España : Antoni Bosch editor, [2013]
Subjects:
Online Access:Digitalia Hispánica

MARC

LEADER 00000nam a2200000Ii 4500
001 DIGANBSCH0007
003 NyNyDIG
006 m o d
007 cr |||||||||||
008 240103s2013 sp ob 000 0 spa d
035 |a (OCoLC)1417821692 
040 |a DGITA  |b eng  |e rda  |e pn  |c DGITA 
020 |a 9788494126741  |q eBook 
020 |a 9788494610318  |q eBook 
020 |z 9788494043383 
041 1 |a spa  |h eng 
050 1 4 |a JC311 ebook 
100 1 |a Minc, Alain,  |e author. 
240 1 0 |a Âme des nations.  |l Spanish  |s (Serrat Crespo) 
245 1 3 |a El alma de las naciones /  |c Alain Minc ; traducción de Manuel Serrat Crespo. 
264 1 |a Barcelona, España :  |b Antoni Bosch editor,  |c [2013] 
300 |a 1 online resource. 
336 |a text  |b txt  |2 rdacontent 
337 |a computer  |b c  |2 rdamedia 
338 |a online resource  |b cr  |2 rdacarrier 
347 |a text file  |2 rdaft 
347 |b PDF 
347 |b EPUB 
504 |a Includes bibliographical references. 
588 0 |a Online resource; title from PDF and ePub title page (Digitalia, viewed January 3, 2024) 
650 0 |a Nation-state  |x History. 
650 0 |a International relations. 
700 1 |a Serrat Crespo, Manuel,  |e translator. 
700 1 |i Translation of:  |a Minc, Alain.  |t Âme des nations. 
791 2 |a Digitalia (Firm),  |e distributor. 
793 0 |g Digitalia eBook Collection:  |a Antoni Bosch Editor 
776 0 8 |i Print version:  |a Minc, Alain.  |s Âme des nations. Spanish (Serrat Crespo).  |t Alma de las naciones.  |d Barcelona, España : Antoni Bosch editor, [2014]  |z 9788494043383 
856 4 0 |3 Digitalia Hispánica  |u https://www.digitaliapublishing.com/a/84028/ 
910 |a Premium collection: 2024